Museum of Jewish Culture in Slovakia Catalogue to the Permanent Exposition : uspor. Slovenské národné múzeum-Historické múzeum, Bratislava

Bibliographic Details
Other Authors: Büchler, Yehoshua Robert, 1929-2009 (Author of afterword, colophon, etc.), Doleželová, Jana (Author of afterword, colophon, etc.), Mešťan, Pavol, 1946-2022 (Author of afterword, colophon, etc.), Putík, Alexandr, 1950- (Author of afterword, colophon, etc.), Šedinová, Jiřina (Author of afterword, colophon, etc.), Janek, Pavel, 1933-2021 (Photographer), Robinsonová, Magdaléna, 1924-2006 (Photographer)
Format: Book
Language:English
Published: Bratislava Slovenské národné múzeum-Historické múzeum 1993
Edition:1. vyd.
Series:Judaica Slovaca
Subjects:

MARC

LEADER 00000nam a2200000 a 4500
001 vtls001246227
003 SK-MaSNL
005 20260301184604.0
008 251029s1993 xo o g c 00000 eng
020 |a 8085753065 
035 |a SNK000197045 
040 |a SNK  |b slo  |c SNK  |e AACR2 
041 0 |a eng 
043 |a e-xo--- 
044 |a xo  |c SK 
080 |a 39:008(=924)(437.6):061.4(083.9)=854=20  |2 1981 
080 |a 008  |2 1981 
080 |a 933  |2 1981 
080 |a 069.6.02  |2 1981 
245 0 0 |a Museum of Jewish Culture in Slovakia  |b Catalogue to the Permanent Exposition : uspor. Slovenské národné múzeum-Historické múzeum, Bratislava  |c aut. textu Robert Y. Büchler, Jana Doleželová, Pavol Mešťan, Alexander Putík, Jiřina Šedinová ; graf. úpr. Milan Veselý ; fotogr. Pavel Janek, Magdaléna Robinsonová 
250 |a 1. vyd. 
260 |a Bratislava  |b Slovenské národné múzeum-Historické múzeum  |c 1993 
300 |a 56 s.  |b čiernobiele a fareb. fotogr.  |c 30 x 21 cm 
490 1 |a Judaica Slovaca  |v 5 
610 2 |a Múzeum židovskej kultúry (Bratislava, Slovensko)  |2 SNKKA  |9 32463 
650 0 7 |a židovská kultúra  |2 SNKPH  |9 4095 
651 7 |a Slovensko  |2 SNKPH 
655 7 |a katalógy výstav  |2 SNKPH  |9 70445 
700 1 |a Büchler, Yehoshua Robert,  |d 1929-2009  |4 aft  |9 172097 
700 1 |a Doleželová, Jana  |4 aft  |9 63144 
700 1 |a Mešťan, Pavol,  |d 1946-2022  |4 aft  |9 103980 
700 1 |a Putík, Alexandr,  |d 1950-  |4 aft  |9 121201 
700 1 |a Šedinová, Jiřina  |4 aft  |9 281031 
700 1 |a Veselý, Milan,  |d 1939-2015  |4 bkd  |9 105300 
700 1 |a Janek, Pavel,  |d 1933-2021  |4 pht  |9 183037 
700 1 |a Robinsonová, Magdaléna,  |d 1924-2006  |4 pht  |9 52589 
710 2 |a Historické múzeum (Bratislava, Slovensko)  |4 orm  |9 32461 
830 0 |a Judaica Slovaca  |9 267348 
919 |a 80-85753-06-5 
999 |c 860963  |d 862893 
952 |t P60, <04>, [BOOK], {604}  |a SNK  |b SNK  |y VYP  |7 0  |p 17A0131392  |o snkOSB 9754 D1  |0 0  |1 0  |4 0  |d 1998-03-27  |l 0  |r 2005-01-01 00:00:00  |w 2026-02-24